| 000 | 00369 a2200121 4500 | ||
|---|---|---|---|
| 020 | _a9788248009603 | ||
| 022 | _a08081190 | ||
| 082 | _a363.125 REN | ||
| 100 | _aRenson, Micheal S | ||
| 245 |
_aThe Effect of Road Safety Measures on Subjective Safety among Vulnerable Road Users / _cMichael S Renson, Marjan Mosslemi |
||
| 260 | _c2009 | ||
| 300 |
_avi, 140p. : _bill. ; _c30 |
||
| 650 | _aRoad Safety | ||
| 999 |
_c2250 _d2250 |
||